Designum časopis o dizajne
Guardado en:
| Formato: | Seriadas |
|---|---|
| Lenguaje: | eslovaco |
| Publicado: |
Bratislava
Slovenské centrum dizajnu
|
| Materias: | |
| Etiquetas: |
Sin Etiquetas, Sea el primero en etiquetar este registro!
|
MARC
| LEADER | 00000nas1a2200000$$$4500 | ||
|---|---|---|---|
| 001 | 0006162 | ||
| 005 | 20250117092303.9 | ||
| 022 | |a 1335-034X | ||
| 041 | 0 | |a slo | |
| 044 | |a SK | ||
| 245 | 1 | 0 | |a Designum |b časopis o dizajne |
| 264 | 1 | |a Bratislava |b Slovenské centrum dizajnu | |
| 610 | 2 | 0 | |a dizajn |
| 610 | 2 | 0 | |a dizajnéri |